| 000 | 00553nam a22001817a 4500 | ||
|---|---|---|---|
| 003 | OSt | ||
| 005 | 20130425162248.0 | ||
| 008 | 130425s2002 sp ||||| |||| 00| 0 spa d | ||
| 020 | _a8474329825 | ||
| 040 | _cCDMR | ||
| 245 |
_aLa televisión en tiempos de guerra _b: la onda expansiva de los atentados del 11-S _cPaco Lobatón, coordinador |
||
| 260 |
_aBarcelona _bGedisa _c2002 |
||
| 300 | _a220 p. | ||
| 490 | 0 | _aLibertad y cambio | |
| 650 | 0 | 4 |
_91994 _aTerrorisme i mitjans de comunicació de massa |
| 700 | 1 |
_93273 _aLobatón, Paco |
|
| 942 |
_2udc _cMON |
||
| 999 |
_c6130 _d6130 |
||